The surface-active properties of selected esters of carboxymethylcellulose

Bibliographic Details
Main Authors: Tomanová, Vladimíra (Author), Sroková, Iva (Author), Ebringerová, Anna, 1934-2022 (Author)
Format: Article
Language:English
PhysicalDescription:Tab.
ISBN:9788096806065
Subjects:

MARC

LEADER 00000naa a2200000 a 4500
001 vtls010260620
003 SK-MaSNL
005 20260319074750.0
008 11030220s2009 xo o |0||||||||0|||b|en
015 |a SNBRA2010/07 
035 |a SVKKK000101439 
038 |a SVKKK 
040 |a SVKKK  |b slo  |c SVKKK  |e AACR2 
041 0 |a eng 
044 |a xo  |c SK 
080 |a 547.458.8  |2 1997 
100 1 |a Tomanová, Vladimíra  |4 aut  |9 837262 
245 1 4 |a The surface-active properties of selected esters of carboxymethylcellulose  |c V. Tomanová, I. Sroková, A. Ebringerová 
300 |b Tab. 
504 |a Bibliogr. odkazy 
650 0 7 |a karboxymetylcelulóza  |x estery  |x vlastnosti  |2 snkbucl  |9 837263 
700 1 |a Sroková, Iva  |4 aut  |9 352353 
700 1 |a Ebringerová, Anna,  |d 1934-2022  |4 aut  |9 155270 
773 0 |t Structure and stability of biomacromolecules SSB 2009. Book of contributions  |d Košice : Ústav experimentálnej fyziky Slovenskej akadémie vied, 2009  |z 9788096806065  |g S. 121-122 
852 |a SVKKK  |b BIB 
958 |a NB 
999 |c 1353721  |d 1355651